| 000 | 01050cam a2200265 a 4500 | ||
|---|---|---|---|
| 001 | 000005958 | ||
| 003 | DO-SdBNP | ||
| 005 | 20251030101726.0 | ||
| 008 | 840302s1974 ve b 000 0 spa c | ||
| 040 |
_aDO-SdBNP _bspa _cBNPHU |
||
| 082 |
_a321.8 _bI65h, 1974 |
||
| 100 | 1 |
_aIrazábal, Carlos. _916777 |
|
| 245 | 1 | 0 |
_aHacia la democracia : _bcontribución al estudio de la historia económico, político, social de Venezuela / _cCarlos Irázabal ; prólogo Luis Chávez Orozco; editor José Agustín Catalá. |
| 250 |
_a3a ed. _bcorr. y ampliada por el autor. |
||
| 260 |
_aCaracas, Venezuela : _bEdiciones Centauro, _c1974. |
||
| 300 |
_a282 p. ; _c21 cm. |
||
| 504 | _aIncluye referencias bibliográficas (p. 269-277). | ||
| 650 | 4 |
_aDemocracia _zVenezuela _916778 |
|
| 651 | 0 |
_aVenezuela _xPolítica y gobierno _926230 |
|
| 651 | 0 |
_aVenezuela _xHistoria _926230 |
|
| 651 | 0 |
_aVenezuela _xVida social y costumbres _926230 |
|
| 700 | 1 |
_aChávez Orozco, Luis _epról. _916780 |
|
| 700 | 1 |
_aCatalá, José Agustín _eed. _916781 |
|
| 942 |
_2ddc _cLBS1 |
||
| 999 |
_c5754 _d5754 |
||